| 000 | 00837nam a2200217Ia 4500 | ||
|---|---|---|---|
| 001 | 14626 | ||
| 003 | GE_BSU | ||
| 008 | 181216s||||||||xx |||||||||||||| ||und|| | ||
| 040 | _cGE_BSU | ||
| 080 | _a821.353.1 | ||
| 100 | _aბარათაშვილი,ნიკოლოზ | ||
| 245 | _aთხზულებანი [ლექსები და წერილები] | ||
| 245 | _cმხატვ.ს.კეცხოველი.წინასიტყვ.ავტ.გ.ლეონიძე | ||
| 250 | _aსაიუბილეო გამოცემა 1845-1945 | ||
| 260 | _aთბილისი | ||
| 260 | _bსახელგამი | ||
| 260 | _c1945 | ||
| 300 | _a115გვ.22სმ. | ||
| 653 | _aთხზულებანი [ლექსები და წერილები] | ||
| 942 | _cBK | ||
| 999 |
_c47755 _d47755 |
||